000 00692nam a2200205 i 4500
001 101992
003 ES-MaACL
005 20230906183026.0
007 t|
008 051028s1914 sp ||||1| spa d
100 1 _aMéndez Alzola, Manuel.
_980137
245 1 4 _aLos jurados civiles y los jueces militares /
_cpor Quintus Scipio Imperator [seud.].
250 _a1ª ed. rev.
260 _aMadrid :
_b[s.n.],
_c1914 (
_fImp. Artística Española)
300 _a23 p. ;
_c24 cm.
500 _aPublicado en la Revista "Juris". Abril. 1914.
650 4 _aJurado-
_zEspaña.
_9168369
852 _aES-MaACL
_jT-1396-F-5
_z.- Dedicatoria manuscrita del autor
852 _aES-MaACL
_jT-1414-F-2
999 _c101992
_d101992